Language Quiz

Random Language Quiz
Score 0/20 Timer 05:00
0 Plays Today
First Word Middle Word % Correct
catfish
84.4%
dollhouse
82.8%
cookbook
70.3%
eyeball
67.2%
sunflower
54.7%
horseback
53.1%
campfire
48.4%
sandpaper
48.4%
blackout
45.3%
newsstand
40.6%
First Word Middle Word % Correct
background
34.4%
ladyfinger
28.1%
pigpen
26.6%
underbed
23.4%
doorstop
21.9%
livestock
21.9%
seashell
20.3%
armchair
18.8%
handshake
17.2%
sawdust
15.6%
Remove Ads.
Support Sporcle.
Get the best of Sporcle when you Go Orange. This ad-free experience offers more features, more stats, and more fun while also helping to support Sporcle. Thank you for becoming a member.

You're not logged in!

Compare scores with friends on all Sporcle quizzes.
OR
Log In

Show Comments

Extras

Created Jul 9, 2012ReportNominate
Tags:Compound Words

Top Quizzes Today


Score Distribution

Your Account Isn't Verified!

In order to create a playlist on Sporcle, you need to verify the email address you used during registration. Go to your Sporcle Settings to finish the process.

Report this User

Report this user for behavior that violates our Community Guidelines.

Details: